Enciclopedia ilustrada de la República Dominicana./ (Registro nro. 7204)

Detalles MARC
000 -LEADER
fixed length control field 01679nam a2200409 a 4500
001 - CONTROL NUMBER
control field 000026612
003 - CONTROL NUMBER IDENTIFIER
control field DO-SdBNP
005 - DATE AND TIME OF LATEST TRANSACTION
control field 20170906112220.0
007 - PHYSICAL DESCRIPTION FIXED FIELD--GENERAL INFORMATION
fixed length control field 000026612
008 - FIXED-LENGTH DATA ELEMENTS--GENERAL INFORMATION
fixed length control field 090713s2003 dr abc e 000 0 spa d
020 ## - INTERNATIONAL STANDARD BOOK NUMBER
International Standard Book Number 9993466026 (v.1)
020 ## - INTERNATIONAL STANDARD BOOK NUMBER
International Standard Book Number 9993466018 (v.2)
020 ## - INTERNATIONAL STANDARD BOOK NUMBER
International Standard Book Number 9993466093 (v.3)
020 ## - INTERNATIONAL STANDARD BOOK NUMBER
International Standard Book Number 9993466093 (v.4)
020 ## - INTERNATIONAL STANDARD BOOK NUMBER
International Standard Book Number 99966050 (v.5)
020 ## - INTERNATIONAL STANDARD BOOK NUMBER
International Standard Book Number 9993466085 (v.6)
020 ## - INTERNATIONAL STANDARD BOOK NUMBER
International Standard Book Number 9993466069 (v.7)
020 ## - INTERNATIONAL STANDARD BOOK NUMBER
International Standard Book Number 9993466077 (v.9)
020 ## - INTERNATIONAL STANDARD BOOK NUMBER
International Standard Book Number 9993466034 (v.10)
020 ## - INTERNATIONAL STANDARD BOOK NUMBER
International Standard Book Number 9993466034 (v.11)
040 ## - CATALOGING SOURCE
Original cataloging agency BPMSU
Language of cataloging spa
Transcribing agency BPMSU
049 ## - LOCAL HOLDINGS (OCLC)
Holding library
082 #4 - DEWEY DECIMAL CLASSIFICATION NUMBER
Classification number R 036.97293
Item number E56r
245 00 - TITLE STATEMENT
Title Enciclopedia ilustrada de la República Dominicana./
Statement of responsibility, etc. director Johnny f. Nieves Gil...[y otros]
260 ## - PUBLICATION, DISTRIBUTION, ETC. (IMPRINT)
Place of publication, distribution, etc. Santo Domingo :
Name of publisher, distributor, etc. EDUPROGRESO,
Date of publication, distribution, etc. 2003.
300 ## - PHYSICAL DESCRIPTION
Extent 11 v. :
Other physical details il., mapa, retrs. ;
Dimensions 30 cm.
505 ## - FORMATTED CONTENTS NOTE
Miscellaneous information v. 1.
Title v. 1 - Guía conceptual
Miscellaneous information v. 2.
Title v.2 - Biografías
Miscellaneous information v.3-4
Title v.3-4 - Capital y províncias
Miscellaneous information v.5.
Title v.5 - Ecología y medio ambiente
Miscellaneous information v.6.
Title v.6 - Lengua, literatura y arte
Miscellaneous information v.7.
Title v.7 - Historia
Miscellaneous information v. 8.
Title v.8 - Geografía
Miscellaneous information v. 9.
Title v.9 - Cultura, educación y deportes
Miscellaneous information v. 10-11
Title v.10-11 - Economía y estadísticas.
650 #4 - SUBJECT ADDED ENTRY--TOPICAL TERM
Topical term or geographic name as entry element GEOGRAFÍA
Geographic subdivision REPÚBLICA DOMINICANA
Form subdivision DICCIONARIOS Y ENCICLOPEDIAS
650 #4 - SUBJECT ADDED ENTRY--TOPICAL TERM
Topical term or geographic name as entry element ECONOMÍA
Geographic subdivision REPÚBLICA DOMINICANA
Form subdivision DICCIONARIOS Y ENCICLOPEDIAS
651 #4 - SUBJECT ADDED ENTRY--GEOGRAPHIC NAME
Geographic name REPÚBLICA DOMINICANA
Form subdivision DICCIONARIOS Y ENCICLOPEDIAS
651 #4 - SUBJECT ADDED ENTRY--GEOGRAPHIC NAME
Geographic name REPÚBLICA DOMINICANA
General subdivision HISTORIA
Form subdivision DICCIONARIOS Y ENCICLOPEDIAS
700 ## - ADDED ENTRY--PERSONAL NAME
Relator code Nieves Gil, Johnny F.
910 ## - USER-OPTION DATA (OCLC)
User-option data Validado. Control de calidad BNPHU
942 ## - ADDED ENTRY ELEMENTS (KOHA)
Source of classification or shelving scheme Dewey Decimal Classification
Koha item type Libros
945 ## - LOCAL PROCESSING INFORMATION (OCLC)
a Inventariado / 2017 VM
956 ## - LOCAL ELECTRONIC LOCATION AND ACCESS (OCLC)
Host name VMATEO
Access number 10
Compression information 20140507
Logon BPMSU
Processor of request 0069
Existencias
Withdrawn status Lost status Source of classification or shelving scheme Damaged status Not for loan Collection code Home library Current library Date acquired Source of acquisition Total Checkouts Full call number Barcode Date last seen Copy number Price effective from Koha item type
    Dewey Decimal Classification     Colección de Referencia Dominicana Biblioteca Pública Metropolitana Salomé Ureña Biblioteca Pública Metropolitana Salomé Ureña 01/19/2015 Compra   R 036.97293 E56r BPMSU15040679 01/19/2015 v. 1 01/19/2015 Libros
    Dewey Decimal Classification     Colección de Referencia Dominicana Biblioteca Pública Metropolitana Salomé Ureña Biblioteca Pública Metropolitana Salomé Ureña 01/19/2015 Compra   R 036.97293 E56r BPMSU15040680 01/19/2015 v. 2 01/19/2015 Libros
    Dewey Decimal Classification     Colección de Referencia Dominicana Biblioteca Pública Metropolitana Salomé Ureña Biblioteca Pública Metropolitana Salomé Ureña 01/19/2015 Compra   R 036.97293 E56r BPMSU15040681 01/19/2015 v. 4 01/19/2015 Libros
    Dewey Decimal Classification     Colección de Referencia Dominicana Biblioteca Pública Metropolitana Salomé Ureña Biblioteca Pública Metropolitana Salomé Ureña 01/19/2015 Compra   R 036.97293 E56r BPMSU15040682 01/19/2015 v. 3 01/19/2015 Libros
    Dewey Decimal Classification     Colección de Referencia Dominicana Biblioteca Pública Metropolitana Salomé Ureña Biblioteca Pública Metropolitana Salomé Ureña 01/19/2015 Compra   R 036.97293 E56r BPMSU15040683 01/19/2015 v. 5 01/19/2015 Libros
    Dewey Decimal Classification     Colección de Referencia Dominicana Biblioteca Pública Metropolitana Salomé Ureña Biblioteca Pública Metropolitana Salomé Ureña 01/19/2015 Compra   R 036.97293 E56r v.6 BPMSU15040684 01/19/2015 v. 6 01/19/2015 Libros
    Dewey Decimal Classification     Colección de Referencia Dominicana Biblioteca Pública Metropolitana Salomé Ureña Biblioteca Pública Metropolitana Salomé Ureña 01/19/2015 Compra   R 036.97293 E56r BPMSU15040685 01/19/2015 v. 7 01/19/2015 Libros
    Dewey Decimal Classification     Colección de Referencia Dominicana Biblioteca Pública Metropolitana Salomé Ureña Biblioteca Pública Metropolitana Salomé Ureña 01/19/2015 Compra   R 036.97293 E56r v.9 BPMSU15040686 01/19/2015 v. 9 01/19/2015 Libros
    Dewey Decimal Classification     Colección de Referencia Dominicana Biblioteca Pública Metropolitana Salomé Ureña Biblioteca Pública Metropolitana Salomé Ureña 01/19/2015 Compra   R 036.97293 E56r v.10 BPMSU15040687 01/19/2015 v. 11 01/19/2015 Libros
    Dewey Decimal Classification     Colección de Referencia Dominicana Biblioteca Pública Metropolitana Salomé Ureña Biblioteca Pública Metropolitana Salomé Ureña 09/14/2017 Compra   R 036.97293 E56r BPMET17090009 09/14/2017 v.10   Libros